The End of the West? : (Record no. 13654)
[ view plain ]
| 000 -LEADER | |
|---|---|
| fixed length control field | 02559cam a22003734a 4500 |
| 001 - CONTROL NUMBER | |
| control field | 15020809 |
| 005 - DATE AND TIME OF LATEST TRANSACTION | |
| control field | 20161101153342.0 |
| 008 - FIXED-LENGTH DATA ELEMENTS--GENERAL INFORMATION | |
| fixed length control field | 070924s2008 nyu b 001 0 eng c |
| 010 ## - LIBRARY OF CONGRESS CONTROL NUMBER | |
| LC control number | 2007039504 |
| 015 ## - NATIONAL BIBLIOGRAPHY NUMBER | |
| National bibliography number | GBA855054 |
| Source | bnb |
| 016 7# - NATIONAL BIBLIOGRAPHIC AGENCY CONTROL NUMBER | |
| Record control number | 014584629 |
| Source | Uk |
| 020 ## - INTERNATIONAL STANDARD BOOK NUMBER | |
| International Standard Book Number | 9780801446399 (alk. paper) |
| 020 ## - INTERNATIONAL STANDARD BOOK NUMBER | |
| International Standard Book Number | 9780801474002 (pbk. : alk. paper) |
| 035 ## - SYSTEM CONTROL NUMBER | |
| System control number | (OCoLC)ocn173509359 |
| 035 ## - SYSTEM CONTROL NUMBER | |
| System control number | (OCoLC)173509359 |
| 040 ## - CATALOGING SOURCE | |
| Original cataloging agency | NIC/DLC |
| Transcribing agency | DLC |
| Modifying agency | BTCTA |
| -- | BAKER |
| -- | YDXCP |
| -- | C#P |
| -- | UKM |
| -- | COO |
| -- | DLC |
| 042 ## - AUTHENTICATION CODE | |
| Authentication code | pcc |
| 043 ## - GEOGRAPHIC AREA CODE | |
| Geographic area code | n-us--- |
| -- | e------ |
| 050 00 - LIBRARY OF CONGRESS CALL NUMBER | |
| Classification number | D2025.5.U64 |
| Item number | E53 2008 |
| 082 00 - DEWEY DECIMAL CLASSIFICATION NUMBER | |
| Edition number | 22 |
| Classification number | 327.4073 |
| Item number | END |
| 245 04 - TITLE STATEMENT | |
| Title | The End of the West? : |
| Remainder of title | Crisis and Change in the Atlantic Order / |
| Statement of responsibility, etc | Edited by Jeffrey Anderson, G. John Ikenberry, Thomas Risse. |
| 260 ## - PUBLICATION, DISTRIBUTION, ETC. (IMPRINT) | |
| Place of publication, distribution, etc | Ithaca : |
| Name of publisher, distributor, etc | Cornell University Press, |
| Date of publication, distribution, etc | c2008. |
| 300 ## - PHYSICAL DESCRIPTION | |
| Extent | viii, 298 p. ; |
| Dimensions | 24 cm. |
| 504 ## - BIBLIOGRAPHY, ETC. NOTE | |
| Bibliography, etc | Includes bibliographical references and index. |
| 505 0# - FORMATTED CONTENTS NOTE | |
| Formatted contents note | Explaining crisis and change in transatlantic relations : an introduction / G. John Ikenberry -- Inevitable decline versus predestined stability : disciplinary explanations of the evolving transatlantic order / Gunther Hellmann -- The ghost of crises past : the troubled alliance in historical perspective / William I. Hitchcock -- Iraq and previous transatlantic crises : divided by threat, not institutions or values / Henry R. Nau -- The Atlantic order in transition : the nature of change in U.S.-European relations / Charles A. Kupchan -- Trade is no superglue : the changing political economy of transatlantic relations / Jens van Scherpenberg -- The ties that bind? : U.S.-EU economic relations and the institutionalization of the transatlantic alliance / Kathleen R. McNamara -- Crisis, what crisis? : transatlantic differences and the foundations of international law / Michael Byers -- The sovereign foundations of transatlantic crisis in the post-9/11 era / Jeffrey Anderson -- Passions within reason / John A. Hall -- American exceptionalism or western civilization? / Dieter Fuchs and Hans-Dieter Klingemann -- The end of the West? : conclusions / Thomas Risse. |
| 651 #0 - SUBJECT ADDED ENTRY--GEOGRAPHIC NAME | |
| Geographic name | Europe |
| General subdivision | Foreign relations |
| Geographic subdivision | United States. |
| 9 (RLIN) | 12570 |
| 651 #0 - SUBJECT ADDED ENTRY--GEOGRAPHIC NAME | |
| Geographic name | United States |
| General subdivision | Foreign relations |
| Geographic subdivision | Europe. |
| 9 (RLIN) | 12571 |
| 700 1# - ADDED ENTRY--PERSONAL NAME | |
| Personal name | Anderson, Jeffrey J. |
| 9 (RLIN) | 12572 |
| 700 1# - ADDED ENTRY--PERSONAL NAME | |
| Personal name | Risse-Kappen, Thomas. |
| 9 (RLIN) | 12574 |
| 700 1# - ADDED ENTRY--PERSONAL NAME | |
| 9 (RLIN) | 12573 |
| Personal name | Ikenberry, G. John. |
| 856 41 - ELECTRONIC LOCATION AND ACCESS | |
| Materials specified | Table of contents only |
| Uniform Resource Identifier | <a href="http://www.loc.gov/catdir/toc/ecip081/2007039504.html">http://www.loc.gov/catdir/toc/ecip081/2007039504.html</a> |
| 942 ## - ADDED ENTRY ELEMENTS (KOHA) | |
| Source of classification or shelving scheme | Dewey Decimal Classification |
| Item type | Book - Borrowing |
| Withdrawn status | Item status | Source of classification or shelving scheme | Damaged status | Not for loan | Vendor | Home library | Current library | Shelving location | Date acquired | Source of acquisition | Cost, normal purchase price | Serial Enumeration / chronology | Total Checkouts | Total Renewals | Full call number | Barcode | Date last seen | Date last borrowed | Koha item type |
|---|---|---|---|---|---|---|---|---|---|---|---|---|---|---|---|---|---|---|---|
| Dewey Decimal Classification | Iqraa | Central Library | Central Library | First floor | 14/03/2010 | 210.00 | 1985 | 5 | 40 | 327.4073 END | 000019731 | 15/07/2025 | 09/12/2015 | Book - Borrowing |